Welcome to the Holygrace Academy Library

Please use search bar below to get started

SCIENCE BASIC FACTS AND FORMULAE (Record no. 1710)

MARC details
000 -LEADER
fixed length control field 00356nam a22001457a 4500
020 ## - INTERNATIONAL STANDARD BOOK NUMBER
ISBN 81-87659-32-7
082 ## - DEWEY DECIMAL CLASSIFICATION NUMBER
Classification number 500
Item number CHO/S
100 ## - MAIN ENTRY--AUTHOR NAME
Personal name CHOICE INTERNATIONAL
245 ## - TITLE STATEMENT
Title SCIENCE BASIC FACTS AND FORMULAE
250 ## - EDITION STATEMENT
Edition statement FIRST EDITION
260 ## - PUBLICATION, DISTRIBUTION, ETC. (IMPRINT)
Place of publication DELHI
Name of publisher CHOICE INTERNATIONAL
Year of publication 2001
300 ## - PHYSICAL DESCRIPTION
Number of Pages 415
650 ## - SUBJECT ADDED ENTRY--TOPICAL TERM
Topical Term SCIENCE MINI BOOK
Geographic subdivision INDIA
942 ## - ADDED ENTRY ELEMENTS (KOHA)
Koha item type Books
Holdings
Withdrawn status Lost status Collection code Home library Current library Shelving location Date acquired Source of acquisition Cost, normal purchase price Full call number Accession Number Koha item type
    Reference Main Library Main Library SHELF 1-A DICTIONARIES 11/03/2002 purchase 28.00 500 CHO/S 01611 Books